Statistika a demografie

Saved in:
Bibliographic Details
Other Authors: Egermayer, František
Format: Book
Language:Czech
Published: Praha Academia, nakl. ČSAV 1968
Tags: Add Tag
No Tags, Be the first to tag this record!

MARC

LEADER 00000nam a2200000 4500
001 c122522
005 20041019155225.5
041 0 |a cze 
044 |a CZ 
245 1 0 |a Statistika a demografie  |c Red. František Egermayer 
264 1 |a Praha  |b Academia, nakl. ČSAV  |c 1968 
300 |a 189 s. 
700 1 |a Egermayer, František